Asian Pacific panorama : the exotic fruits of Malaysia
| Format: | Book |
|---|---|
| Published: |
Seremban :
Sahadern Publications ,
1993
|
| Subjects: |
MARC
| LEADER | 00000cam a2200000 7i4500 | ||
|---|---|---|---|
| 001 | 0000004265 | ||
| 002 | 000004584 | ||
| 005 | 20000330.0 | ||
| 020 | |a T000000348 | ||
| 090 | 0 | 0 | |a 634.09595 |b ASI |
| 245 | 0 | 0 | |a Asian Pacific panorama : |b the exotic fruits of Malaysia |
| 255 | |a Vol.2 | ||
| 260 | |a Seremban : |b Sahadern Publications , |c 1993 | ||
| 300 | |a 239p. ; |c 28cm. | ||
| 650 | 0 | 0 | |a Fruits |z Malaysia |
| 999 | |a 030163 |b BUKU |c PINJAMAN |e PERPUSTAKAAN KOMUNITI PETALING JAYA | ||